000 00467ntaaa2200181 4500
003 01
005 20251027201302.0
008 0714s1973 ag 01
040 _aAR-BaBN
_bspa
_cAR-BaBN
_eaacr
_dRIC
082 _a221.1000 W73
100 _aWinnett, Frederick VĂ­ctor
_911001
245 _aMosaic Tradition
250 _a1 ed. :
_bUniv. of Toronto,
_cc/949
300 _axi, 219 p.
650 _aBiblia-Antiguo Testamento
650 _aAntiguo Testamento
942 _cBK
999 _c7229
_d7229